Представление документа в формате RUSMARC

ПолеНазваниеЗначение
  Тип записи a
  Библиографический уровень m
001 Контрольный номер RU/CBS_UL/BASE/efc7c3cad2be478abe536b0d24d856c5
005 Дата корректировки 20260205105431.3
010 Индекс ISBN __
a ISBN
b Уточнения в пер.
9 Тираж экз.
d Цена 80 р. 00 к.
090 Данные записи __
b Тип записи Книги
c Язык записи Русский
d Отрасль знаний (КСУ) Другая
e Секретность Несекретно
g Вид записи Монография (однотомник)
100 Данные общей обработки __
a Данные общей обработки 20100514d2013 u u 1rusy ||||ca
101 Язык документа 0_
a Язык текста rus
105 Кодированные данные (монография) __
a Кодированные данные (монография) a z 000yy
200 Заглавие и сведения об ответственности 1_
a Заглавие Международное частное право
e Сведения, относящиеся к заглавию учебник
g Последующие сведения об ответственности под. ред. Г. К. Дмитриевой
210 Выходные данные 1_
a Место издания Москва
c Издательство Проспект
d Дата издания 2001
215 Физическое описание __
a Объем 656 с.
300 Общие примечания __
a Общие примечания 18+
606 Тематические рубрики 0_
a Основная рубрика Международное частное право
610 Ключевые слова 0_
a Ключевые слова право международное; право частное; учебники
686 Индексы других классификаций __
a Классификационный индекс 67.412.2
2 Код системы rubbk
801 Источник записи _0
a Страна RU
b Организация МБУК ЦБС г. Ульяновска
c Дата составления 20100514
801 Источник записи _1
a Страна RU
b Организация МБУК ЦБС г. Ульяновска
c Дата составления 20100514
852 Данные о местонахождении __
i Авторский знак М 43
j Шифр хранения 67.412